000
00220nam a22000857a 4500
008
170620b xxu||||| |||| 00| 0 eng d
100
_9
3539
_a
Singh. A. I
245
_a
The partition of india
260
_a
New delhi
_b
N. B. T
_c
2007
999
_c
6924
_d
6924